Country Names that start and end with the same letter - Statistics

General Stats
  • This quiz has been taken 760 times
  • The average score is 8 of 15
Answer Stats
Answer % Correct
Australia
81%
Austria
74%
Albania
72%
Argentina
72%
Algeria
71%
Andorra
65%
Antigua and Barbuda
65%
Angola
64%
Armenia
61%
Saint Kitts and Nevis
45%
Saint Vincent and the Grenadines
38%
Seychelles
35%
Solomon Islands
34%
Czech Republic
32%
Central African Republic
21%
No matching quizzes found
Score Distribution
Percent of People with Each Score
Percentile by Number Answered
Your Score History
You have not taken this quiz